| 000 | 00000nam##2200000za#4500 |
| 001 | 9.613783 |
| 003 | CaOODSP |
| 005 | 20210929082756 |
| 007 | ta |
| 008 | 150406|1997||||xxc||||| f|0| 0 eng|d |
| 020 | |a0-662-25727-8 |
| 040 | |aCaOODSP|beng |
| 043 | |an-cn--- |
| 086 | 1 |aFo29-6/79-1997E |
| 110 | 1 |aCanada. |bNatural Resources Canada. |bCanadian Forest Service. |
| 245 | 10|aYew big bud mite / |cby R. W. Duncan et al. |
| 260 | |aVictoria - British Columbia : |bNatural Resources Canada. |c1997. |
| 300 | |a4p. : |billus. ; |c28 cm. |
| 490 | 1 |aForest pest leaflet|v79 |
| 590 | |a97-23|b1997-06-06 |
| 720 | 1 |aDuncan, R. W. |
| 776 | 0#|tYew big bud mite / |w(CaOODSP)9.573509 |
| 830 | #0|aForest pest leaflet ;|v79|w(CaOODSP)9.514653 |